O livro didático: sua utilização em classe

Gespeichert in:
Bibliographische Detailangaben
1. Verfasser: Ministério da Educação e Cultura Autor
Format: keine Angabe
Sprache:Portugiesisch
Erschienen: Rio de Janeiro,Brasil MEC 1969
Katalog:MANES:  Suchergebnis im Bibliothekskatalog
Schulbuchspezifische Eigenschaften:
Schriftenreihe:Material Básico dos Cursos de Treinamento para Professores Primários
Tags: Tag hinzufügen
Keine Tags, Fügen Sie den ersten Tag hinzu!
Hinzugefügt zu:26.04.2016
Geändert in:13.02.2025

MARC

LEADER 000000000a22000000004500
001 13709
003 OSt
005 20250213220457.0
008 160427s sp ||||| |||| 00| 0 por d
040 |c centro_manes 
041 1 |a prt 
100 1 |a Ministério da Educação e Cultura  |b Autor  |9 9364 
245 0 0 |a O livro didático: sua utilização em classe 
260 3 |a Rio de Janeiro,Brasil  |b MEC  |c 1969 
300 |a 253 p.  |c 23 x 15 cm 
440 |a Material Básico dos Cursos de Treinamento para Professores Primários  |9 9365 
500 |a Libro para formación de maestros. 
546 |a Brasil 
690 0 |a PED 
691 0 |a SE 
942 |2 ddc  |c BK 
999 |c 19683  |d 19683 
999 |c manes:19683  |d 19683